000
00304nam a2200097Ia 4500
008
171211s9999 xx 000 0 und d
245
_a
Lingering Bilingualism: Modern Hebrew and Yiddish Literatures in Contact
260
_c
2016
650
_x
CULTURE
856
_u
http://down.ebook777.com/062/0815634234.pdf
999
_c
347828
_d
347828